000 00336nam a22001457a 4500
003 SGT
020 _a`9789385936838
082 _a812.52,BRA
100 _aBRATER,ENCH
245 _aA STUDENT HANDBOOK TO THE PLAYS MILLER
260 _aBLOOMSBURY
_c2016
300 _a260
650 _a American drama in English
942 _2ddc
_cBK
_03
999 _c22026
_d22026